000 00648cam a2200241 4500500
005 20260329004019.0
041 _afre
042 _adc
100 1 0 _aTesson, Sylvain
_eauthor
245 0 0 _aAu balcon des baleines
260 _c2017.
500 _a6
690 _aBaleine
690 _aÉtat
690 _aîle
690 _aLa Réunion
690 _aLégislation
690 _aNature
690 _aVague
690 _aVivant
786 0 _nPhilosophie magazine | 115 | 12-1 | 2017-12-01 | p. 17-17 | 1951-1787
856 4 1 _uhttps://shs.cairn.info/magazine-philosophie-magazine-2017-12-1-page-17?lang=fr&redirect-ssocas=7080
999 _c1829772
_d1829772